| 000 | 00519nam a2200181Ia 4500 | ||
|---|---|---|---|
| 001 | 9551 | ||
| 003 | GE_BSU | ||
| 008 | 181216s||||||||xx |||||||||||||| ||und|| | ||
| 040 | _cGE_BSU | ||
| 245 | _aПрограммирование на С/С++ №3(123). Март 2014 | ||
| 245 | _bЖурнал для профессионалов. | ||
| 260 | _aМосква | ||
| 260 | _bИнфопресс | ||
| 260 | _c2014 | ||
| 300 | _a23стр.29см. | ||
| 653 | _aПрограммирование на С/С++ | ||
| 942 | _cCR | ||
| 999 |
_c42845 _d42845 |
||